header

The politics of community policing (Record no. 191217)

MARC details
000 -LEADER
fixed length control field 01490nam a2200361Ia 4500
100 1# - MAIN ENTRY--AUTHOR NAME
Personal name Lyons, William,
245 14 - TITLE STATEMENT
Title The politics of community policing
260 ## - PUBLICATION, DISTRIBUTION, ETC. (IMPRINT)
Place of publication Ann Arbor :
Name of publisher University of Michigan Press,
Year of publication 2002, c1999.
300 ## - PHYSICAL DESCRIPTION
Number of Pages xiv, 241 p. :
Other physical details ill., 5 maps.
490 1# - SERIES STATEMENT
Series statement Law, meaning, and violence
650 #0 - SUBJECT ADDED ENTRY--TOPICAL TERM
Topical Term Community policing
Topical Term Law enforcement
856 40 - ELECTRONIC LOCATION AND ACCESS
Uniform Resource Identifier http://site.ebrary.com/lib/rucke/Doc?id=10392997

No items available.

© 2026 Rongo University
Contact us: librarian | system librarian | Rongo university